00618cam a22002291 4500001001300000003000400013005001700017008004100034010001700075035002000092040001800112041001100130042001200141050002300153100001300176245002300189260001100212300003300223500008800256700002700344999001700371sa 67004686 DLC20260227112350.0900221s1966 ii c 000 0 sano  asa 67004686  a(OCoLC)21104513 aDLCcWaUdDLC0 asanhin apremarc00aPK3791.B4bM2 19660 aBhāsa.10aMadhyamavyāyoga. c[1966] a2, 80, 140 p.bport.c18 cm. aHindi and Sanskrit; commentary in Sanskrit; introductory matter and notes in Hindi.1 aPant, Mohandev,d1905- c74690d74690